| 000 | 00621nam a22001817a 4500 | ||
|---|---|---|---|
| 008 | 160314b xxu||||| |||| 00| 0 eng d | ||
| 020 | _a9788131704967 | ||
| 040 | _a0 | ||
| 082 |
_a001.42 _bKUM 2005 |
||
| 100 | _aKumar, Ranjit | ||
| 245 |
_aResearch methodology _bA step-by- step Gudie for beginners |
||
| 300 |
_axix;332 p. _bill |
||
| 650 | _aResearch: a way of thinking, The research process: A quick glance, Formulation a research problem | ||
| 650 | _aConceptualising a research design | ||
| 650 | _aConstructing an instrument for data collection | ||
| 650 | _awriting a research proposal | ||
| 942 |
_2ddc _cBK |
||
| 999 |
_c16268 _d16268 |
||